[Event "Moscow op-B 04th"]
[Site "Moscow"]
[Date "2008.02.09"]
[Round "8"]
[White "Svinarenko, Pavel"]
[Black "Hamidullin, Aydar"]
[Result "0-1"]
[WhiteElo "2141"]
[BlackElo "2277"]
[PlyCount "66"]
[EventDate "2008.02.02"]
[EventType "swiss"]
[EventRounds "9"]
[EventCountry "RUS"]
[SourceTitle "CBM 122 Extra"]
[Source "ChessBase"]
[SourceDate "2008.03.04"]
[SourceVersion "1"]
[SourceVersionDate "2008.03.04"]
[SourceQuality "1"]

1. e4 e6 2. Nc3 d5 3. d4 Bb4 4. e5 c5 5. a3 Bxc3+ 6. bxc3 Ne7 7. Qg4 0-0 8. Bg5 Qa5 9. Bd2 Qa4 10. Bd3 Nf5 11. Nf3 c4 12. Be2 Qxc2 13. 0-0 Ne7 14. Bd1 Qf5 15. Qg3 Qg6 16. Qh3 Nbc6 17. Rc1 f6 18. Bc2 Nf5 19. Kh1 h5 20. Rg1 Qg4 21. Bxf5 exf5 22. Qg3 fxe5 23. dxe5 f4 24. Qh3 Bf5 25. Rce1 Qxh3 26. gxh3 Be4 27. Rxe4 dxe4 28. Ng5 Rad8 29. Bc1 Nxe5 30. Ne6 Nf3 31. Rf1 g5 32. h4 Nxh4 33. Nxg5 Rde8 0-1

[Event "Moscow op-B 04th"]
[Site "Moscow"]
[Date "2008.02.08"]
[Round "7"]
[White "Kovtunenko, Alexandr"]
[Black "Svinarenko, Pavel"]
[Result "0-1"]
[WhiteElo "2290"]
[BlackElo "2141"]
[PlyCount "34"]
[EventDate "2008.02.02"]
[EventType "swiss"]
[EventRounds "9"]
[EventCountry "RUS"]
[SourceTitle "CBM 122 Extra"]
[Source "ChessBase"]
[SourceDate "2008.03.04"]
[SourceVersion "1"]
[SourceVersionDate "2008.03.04"]
[SourceQuality "1"]

1. e4 c6 2. d4 d5 3. e5 c5 4. dxc5 Nc6 5. Bb5 e6 6. Qg4 Nge7 7. Nf3 Bd7 8. 0-0 Nxe5 9. Nxe5 Bxb5 10. c4 Bc6 11. Re1 Qc8 12. Qf3 f6 13. Qh5+ g6 14. Nxg6 Nxg6 15. cxd5 Bd7 16. Re3 Qxc5 17. Nc3 0-0-0 0-1

[Event "Privolzhskogo FO-ch"]
[Site "Togliatti"]
[Date "2007.03.23"]
[Round "2"]
[White "Svinarenko, Pavel"]
[Black "Gazizov, Iljas"]
[Result "0-1"]
[WhiteElo "2207"]
[BlackElo "2110"]
[PlyCount "80"]
[EventDate "2007.03.22"]
[EventType "swiss"]
[EventRounds "9"]
[EventCountry "RUS"]
[SourceTitle "EXT 2010"]
[Source "ChessBase"]
[SourceDate "2010.11.25"]
[SourceVersion "1"]
[SourceVersionDate "2010.11.25"]
[SourceQuality "1"]

1. e4 c5 2. Nc3 Nc6 3. g3 g6 4. Bg2 Bg7 5. d3 d6 6. f4 e6 7. Nf3 Nge7 8. 0-0 0-0 9. Ne2 Nd4 10. c3 Nxf3+ 11. Bxf3 b6 12. Be3 Bb7 13. Qb3 Rc8 14. Rad1 Qc7 15. Bg2 c4 16. Qxc4 Qxc4 17. dxc4 Rxc4 18. Rxd6 Bxe4 19. Nd4 Bxg2 20. Kxg2 Nd5 21. Nc2 Bxc3 22. b3 Rc7 23. Bf2 Bd2 24. Nd4 Rfc8 25. Nb5 Rc2 26. Nxa7 Ra8 27. Rd7 Rxa2 28. Nc6 Rb2 29. Ne5 Bc3 30. Nxf7 Ne3+ 31. Kg1 Nxf1 32. Nh6+ Kf8 33. Bxb6 Ra1 34. Bc5+ Ke8 35. Re7+ Kd8 36. Nf7+ Kc8 37. Nd6+ Kb8 38. Re8+ Kc7 39. Nb5+ Kc6 40. Rc8+ Kxb5 0-1